书目信息 |
| 题名: |
宋教仁血案
|
|
| 作者: | 徐血儿 编 | |
| 分册: | ||
| 出版信息: | 长沙 岳麓书社 1986.9 |
|
| 页数: | 482页 | |
| 开本: | 20cm | |
| 丛书名: | ||
| 单 册: | ||
| 中图分类: | K258.9 | |
| 科图分类: | ||
| 主题词: | 中国--历史--1912~1919 | |
| 电子资源: | ||
| ISBN: | ||
| 000 | 00516nam0 2200193 45 | |
| 001 | 0312221749 | |
| 005 | 20060116082957.79 | |
| 010 | @dCNY2.25 | |
| 091 | @a11258.84 | |
| 100 | @a20031222d1986 km y0chiy0120 ea | |
| 101 | @achi | |
| 200 | 1 | @a宋教仁血案@ASong Jiao Ren Xue An@f徐血儿等编@FXu Xue Er Deng Bian |
| 210 | @a长沙@c岳麓书社@d1986.9 | |
| 215 | @a482页@d20cm | |
| 606 | 0 | @a中国@x历史@z1912~1919 |
| 690 | @aK258.9@v3 | |
| 701 | 0 | @a徐血儿@4编 |
| 801 | @aCN@bTSTCL@c20060116 | |
| 905 | @dK258.9@e39@b165480@f1 | |
| 宋教仁血案/徐血儿等编.-长沙:岳麓书社,1986.9 |
| 482页;20cm |
| ISBN :CNY2.25 |
| ● |
| 相关链接 |
|
|
|
|
正题名:宋教仁血案
索取号:K258.9/39
 
预约/预借
| 序号 | 登录号 | 条形码 | 馆藏地/架位号 | 状态 | 备注 |
| 1 | 0165480 | 002033490 | 第二借阅区/ [索取号:K258.9/39] | 在馆 | |
| 2 | 0165481 | 001293736 | 第二样本阅览室/ [索取号:K258.9/39] | 在馆 | |
| 3 | 0165482 | 202173405 | 密集书库/ [索取号:K258.9/39] | 在馆 |